Premodern Japan : (Record no. 12770)

000 -LEADER
fixed length control field 00669pam a2200193 a 4500
020 ## - INTERNATIONAL STANDARD BOOK NUMBER
ISBN 0813380669 (hardcover : alk. paper)
020 ## - INTERNATIONAL STANDARD BOOK NUMBER
ISBN 0813380650 (pbk. : alk. paper)
040 ## - CATALOGING SOURCE
Transcribing agency DLC
082 00 - DEWEY DECIMAL CLASSIFICATION NUMBER
Classification number 952 WES 1991 A100 Or.
100 1# - MAIN ENTRY--AUTHOR NAME
Personal name Hane, Mikiso.
245 10 - TITLE STATEMENT
Title Premodern Japan :
Remainder of title a historical survey /
260 ## - PUBLICATION, DISTRIBUTION, ETC. (IMPRINT)
Place of publication Boulder :
Name of publisher Westview Press,
Year of publication 1991.
300 ## - PHYSICAL DESCRIPTION
Number of Pages xii, 258 p. :
Other physical details ill., maps ;
Dimensions 24 cm.
500 ## - GENERAL NOTE
General note Rev. ed. of: Japan, a historical survey. 1972.
700 1# - ADDED ENTRY--PERSONAL NAME
Personal name Hane, Mikiso.
856 42 - ELECTRONIC LOCATION AND ACCESS
Uniform Resource Identifier http://www.loc.gov/catdir/enhancements/fy0833/90041699-b.html
856 42 - ELECTRONIC LOCATION AND ACCESS
Uniform Resource Identifier http://www.loc.gov/catdir/enhancements/fy0833/90041699-d.html
942 ## - ADDED ENTRY ELEMENTS (KOHA)
Koha item type សៀវភៅភាសាអង់គ្លេស
952 ## - LOCATION AND ITEM INFORMATION (KOHA)
Withdrawn status [LOCAL, KOHA] 0
Holdings
Permanent Location Date acquired Koha item type Lost status Shelving location Barcode Current Location Full call number
Library Block A2017-08-16សៀវភៅភាសាអង់គ្លេស A100A17845Library Block A952 WES 1991 A100 Or.
មជ្ឈមណ្ឌលឯការនៃសាកលវិទ្យាល័យភូមិន្ទកសិកម្មចំការដូង

Powered by Koha